000 00315nam a2200121Ia 4500
008 191201s2019 xx 000 0 und d
100 _aJAIN, RK
245 0 _aProduction Technology Manufacturing Techniques Vol. 3
250 _a19th edi.
260 _bKhanna Publisher
_aNew Delhi
300 _a768
942 _2ddc
_cBK
999 _c8183
_d8183